Normal view
MARC view
Entry Personal Name
001 - CONTROL NUMBER
- control field: 17300
003 - CONTROL NUMBER IDENTIFIER
- control field: BD-RjUL
005 - DATE AND TIME OF LATEST TRANSACTION
- control field: 20251110123517.0
008 - FIXED-LENGTH DATA ELEMENTS
- fixed length control field: 251110|| aca||aabn | a|a d
040 ## - CATALOGING SOURCE
- Original cataloging agency: BD-RjUL
- Transcribing agency: BD-RjUL
100 ## - HEADING--PERSONAL NAME
- Personal name: Sisam, Kenneth
670 ## - SOURCE DATA FOUND
- Source citation: Work cat.: (BD-RjUL)20386: Chaucer, Geoffrey, -1400. 62859, Chaucer :, 1923,[reprinted 1955]